000 01070nam a22003257a 4500
003 CHAP
005 20220329134100.0
008 971013s1976 r 00010 d
010 _a15134
011 _a16106
035 _a20184
040 _cCHAP
082 _a519.5
_bG7Y
100 0 0 _aGray, A. William.
_950486
245 _aProbabilidad y estadística elementales; con aplicaciones opcionales al ordenador
260 _aMéxico, D.F, :
_bCECSA,
_c1976
300 _a340 p
590 _aBATCH-UPD
_b10
_c20130110
_lUCH01
_h0302
590 _aBATCH-UPD
_b10
_c20130110
_lUCH01
_h1628
590 _aBATCH-UPD
_b10
_c20130410
_lUCH01
_h1417
590 _aBATCH-UPD
_b10
_c20130914
_lUCH01
_h1323
590 _aCONVERSION
_b10
_c20130109
_lUCH01
_h1310
650 1 4 _aEstadística.
_938241
650 1 4 _aProbabilidades.
_991687
700 0 _aUlm, Otis M.
_9116067
901 _aBK
942 _cLIBRO
949 _a519.5 G7Y
_bBC
_cLIBRO
_d33724000126710
_eLIBRO
_fc.2
_h45900
_i20184
_si
_t165.00
949 _a519.5 G7Y
_bBC
_cLIBRO
_d33724000920146
_eLIBRO
_h45900
_i20184
_si
_t165.00
999 _c15134
_d15134